[Event "Open Est 2016-2017"]
[Site "Aubagne"]
[Date "2016.10.15"]
[Round "2.38"]
[White "Ralijaona, Gabriela"]
[Black "Pentcheff, Julie"]
[Result "1-0"]
[WhiteElo "1316"]
[BlackElo "1110"]
[PlyCount "69"]
[EventDate "2016.??.??"]
[WhiteTeam "Marseille Passion Echecs"]
[BlackTeam "Cassis Echecs"]

1. e4 c6 2. d3 d5 3. Be2 Be6 4. Nf3 Nf6 5. Nbd2 Bg4 6. h3 Bh5 7. g4 Bg6 8. g5
Nfd7 9. Nh4 dxe4 10. dxe4 e6 11. Nxg6 fxg6 12. Nf3 Bb4+ 13. c3 Ba5 14. Be3 O-O
15. h4 Ne5 16. Nxe5 Qxd1+ 17. Rxd1 c5 18. Bxc5 Rc8 19. Be3 Nc6 20. Nd7 Rc7 21.
Nc5 b6 22. Nb3 Rac8 23. h5 Ne5 24. Nxa5 bxa5 25. hxg6 hxg6 26. Bf4 Rc5 27. b4
axb4 28. cxb4 Rc2 29. Bxe5 Rxa2 30. Bg4 Rac2 31. Bxe6+ Kf8 32. Rh8+ Ke7 33.
Bxc8 Kf7 34. Rd7+ Ke6 35. Re8# 1-0

[Event "Open Est 2016-2017"]
[Site "Aubagne"]
[Date "2016.10.15"]
[Round "2.40"]
[White "Frontera, Pierre"]
[Black "Naam, Shedy"]
[Result "1-0"]
[WhiteElo "1314"]
[BlackElo "1090"]
[PlyCount "51"]
[EventDate "2016.??.??"]
[WhiteTeam "Cercle d'Echecs Aubagnais"]
[BlackTeam "Cassis Echecs"]

1. Nf3 Nf6 2. Nc3 Nc6 3. e4 e5 4. Bc4 h6 5. O-O Nd4 6. h3 Nh5 7. d3 Bb4 8. Nxe5
Nf6 9. Nxf7 Qe7 10. Nxh8 Bd6 11. Ng6 Qf8 12. Nxf8 Bxf8 13. Be3 Nc6 14. Re1 d6
15. Nd5 Be6 16. Nxc7+ Kd8 17. Nxe6+ Ke7 18. Nxf8 Rxf8 19. Bxa7 Nxa7 20. e5 dxe5
21. Rxe5+ Kd6 22. Re6+ Kc5 23. b4+ Kxb4 24. a3+ Ka5 25. Qe1+ Ka4 26. Qb4# 1-0

[Event "Open Est 2016-2017"]
[Site "Aubagne"]
[Date "2016.10.15"]
[Round "2.42"]
[White "Pentcheff, Laura"]
[Black "Salvi, Angele"]
[Result "1-0"]
[WhiteElo "1307"]
[BlackElo "1026"]
[PlyCount "87"]
[EventDate "2016.??.??"]
[WhiteTeam "Cassis Echecs"]
[BlackTeam "Cercle d'Echecs Aubagnais"]

1. Nf3 c5 2. g3 Nc6 3. Bg2 e6 4. O-O Nf6 5. d3 Be7 6. c4 d5 7. Bd2 O-O 8. a3 b6
9. Nc3 Rb8 10. Na2 a5 11. Rb1 h6 12. b4 b5 13. cxb5 Rxb5 14. bxc5 Rxb1 15. Qxb1
Bxc5 16. Qb5 Qb6 17. Qxb6 Bxb6 18. Rb1 Bc7 19. Rc1 Bb7 20. Nc3 Ng4 21. Nb5 Bb6
22. e3 f6 23. Rb1 Rd8 24. Nc3 d4 25. Nxd4 Bxd4 26. exd4 Ba8 27. h3 Nxf2 28.
Kxf2 Nxd4 29. Bxa8 Rxa8 30. a4 Kf7 31. Ne4 Ra6 32. Nc5 Ra8 33. Nb7 Ke7 34. Nxa5
Nc2 35. Rb7+ Kf8 36. Rc7 Na3 37. Bb4+ Kg8 38. Rc3 Nb1 39. Rb3 Rd8 40. Ke2 Rd5
41. Rxb1 Re5+ 42. Kd2 g5 43. Nc6 Rd5 44. Ne7+ 1-0

[Event "Open Est 2016-2017"]
[Site "Aubagne"]
[Date "2016.10.15"]
[Round "2.43"]
[White "Belaid, Myriam"]
[Black "Moerenhout, Jean Claude"]
[Result "0-1"]
[WhiteElo "1010"]
[BlackElo "1277"]
[PlyCount "24"]
[EventDate "2016.??.??"]
[WhiteTeam "Club Provence Echecs"]
[BlackTeam "Cercle d'Echecs Aubagnais"]

1. e4 d5 2. Nc3 d4 3. Nce2 e5 4. Nf3 Nc6 5. d3 Nf6 6. Bg5 Bg4 7. Nfg1 Bb4+ 8.
c3 dxc3 9. Bxf6 Qxf6 10. Qc2 cxb2+ 11. Nc3 bxa1=Q+ 12. Kd2 Qf4# 0-1

[Event "Open Est 2016-2017"]
[Site "Aubagne"]
[Date "2016.11.05"]
[Round "3.1"]
[White "Gutman, Leni"]
[Black "Deregnaucourt, Yves"]
[Result "0-1"]
[WhiteElo "1541"]
[BlackElo "1729"]
[PlyCount "64"]
[EventDate "2016.??.??"]
[WhiteTeam "Marseille Echecs"]
[BlackTeam "Cercle d'Echecs Aubagnais"]

1. d4 Nf6 2. c4 c5 3. e3 cxd4 4. exd4 d6 5. Nc3 g6 6. Nf3 Bg7 7. Bd3 O-O 8. O-O
Re8 9. Re1 Nc6 10. Bg5 Bg4 11. Be2 Qb6 12. Qd2 Bxf3 13. Bxf3 Nxd4 14. Bxb7 Qxb7
15. Qxd4 Qxb2 16. Rab1 Qc2 17. Nb5 Qf5 18. Bh4 a6 19. Nc7 Reb8 20. Rxb8+ Rxb8
21. Qd2 Rb1 22. h3 Qe4 23. f3 Rxe1+ 24. Qxe1 Qxc4 25. Bxf6 Bxf6 26. Qa5 Bd4+
27. Kh2 Be5+ 28. Kg1 Qc1+ 29. Kf2 Qc2+ 30. Kg1 Bg3 31. Qxa6 Qxc7 32. a4 Qc5+
0-1

[Event "Open Est 2016-2017"]
[Site "Aubagne"]
[Date "2016.11.05"]
[Round "3.2"]
[White "Roger, Patrick"]
[Black "Benezra, Ruthy"]
[Result "1-0"]
[WhiteElo "1668"]
[BlackElo "1488"]
[PlyCount "73"]
[EventDate "2016.??.??"]
[WhiteTeam "Club Provence Echecs"]
[BlackTeam "L'Echiquier du Roy René"]

1. e4 c5 2. Nc3 Nc6 3. g3 d6 4. Bg2 g6 5. d3 Bg7 6. Be3 e6 7. Nge2 Nd4 8. O-O
Ne7 9. Qd2 d5 10. Bg5 f6 11. Bh6 O-O 12. Bxg7 Kxg7 13. exd5 exd5 14. Nf4 Bg4
15. f3 Bf5 16. Nfe2 Nec6 17. Nxd4 Nxd4 18. Ne2 Nxe2+ 19. Qxe2 Re8 20. Qf2 Qb6
21. f4 d4 22. Rae1 Qb4 23. h3 Rad8 24. g4 Bd7 25. Rb1 b6 26. a3 Qb5 27. f5 g5
28. Bd5 Bc6 29. a4 Qa6 30. Bxc6 Re3 31. Rbe1 Qc8 32. Be4 Rxh3 33. Bg2 Rh4 34.
Re7+ Kg8 35. Qe2 Qb8 36. Qe6+ Kh8 37. Qxf6+ 1-0

[Event "Open Est 2016-2017"]
[Site "Aubagne"]
[Date "2016.11.05"]
[Round "3.3"]
[White "Blanc, Maxime"]
[Black "Pelopidas, Florian"]
[Result "0-1"]
[WhiteElo "1422"]
[BlackElo "1609"]
[PlyCount "64"]
[EventDate "2016.??.??"]
[WhiteTeam "Cassis Echecs"]
[BlackTeam "L'Echiquier du Roy René"]

1. c4 Nf6 2. Nc3 d5 3. cxd5 Nxd5 4. d4 g6 5. g3 Bg7 6. Bg2 Nb6 7. Nf3 O-O 8.
O-O Nc6 9. e3 e5 10. dxe5 Nxe5 11. Nxe5 Bxe5 12. Qd2 Qxd2 13. Bxd2 Nc4 14. Bc1
c6 15. Bf3 Be6 16. Be2 Rad8 17. Rd1 Rxd1+ 18. Nxd1 Rd8 19. f4 Bf6 20. g4 a5 21.
Rb1 Nd2 22. Bxd2 Rxd2 23. Bf3 Bxa2 24. Ra1 Bb3 25. g5 Bxd1 26. Bxd1 Bxb2 27.
Rb1 b5 28. h4 a4 29. e4 a3 30. Bb3 Rd3 31. Bc2 Rc3 32. Bd1 a2 0-1

[Event "Open Est 2016-2017"]
[Site "Aubagne"]
[Date "2016.11.05"]
[Round "3.4"]
[White "Ganier, Philippe"]
[Black "Roche, Alain"]
[Result "1-0"]
[WhiteElo "1584"]
[BlackElo "1423"]
[PlyCount "69"]
[EventDate "2016.??.??"]
[WhiteTeam "La Ciotat Echecs (LCE)"]
[BlackTeam "Echiquier Marseillais 1872"]

1. d4 d6 2. c4 g6 3. e4 Bg7 4. Nc3 c6 5. Nf3 Nf6 6. h3 O-O 7. Bd3 Qc7 8. O-O e5
9. Be3 Bd7 10. Rc1 Qc8 11. dxe5 dxe5 12. Nxe5 Na6 13. f4 c5 14. Qf3 Re8 15. Bb1
Bc6 16. Nxc6 bxc6 17. e5 Nd7 18. Be4 Bxe5 19. Bxc6 Bd4 20. Bxd4 cxd4 21. Nb5
Re3 22. Qd5 Nb6 23. Qxd4 Re2 24. Bxa8 Qxa8 25. Rf3 Nb4 26. Rd1 Nc6 27. Qf6 Qe8
28. Kh2 Nxc4 29. Nxa7 Rxg2+ 30. Kxg2 Qe2+ 31. Kg3 Qxd1 32. Nxc6 Qg1+ 33. Kh4
Qe1+ 34. Kg4 Qd1 35. Qd8+ 1-0

[Event "Open Est 2016-2017"]
[Site "Aubagne"]
[Date "2016.11.05"]
[Round "3.5"]
[White "Hunault, Francis"]
[Black "Sage, Jean-Claude"]
[Result "1-0"]
[WhiteElo "1459"]
[BlackElo "1576"]
[PlyCount "51"]
[EventDate "2016.??.??"]
[WhiteTeam "Cercle d'Echecs Aubagnais"]
[BlackTeam "Echiquier Marseillais 1872"]

1. d4 d5 2. Nf3 Nf6 3. e3 e6 4. Bd3 Be7 5. Nbd2 b6 6. Ne5 Bb7 7. O-O O-O 8. Qf3
Nbd7 9. Qh3 c5 10. c3 h6 11. Re1 Qc7 12. Nxd7 Nxd7 13. e4 cxd4 14. cxd4 dxe4
15. Nxe4 f5 16. Nc3 Bf6 17. Rxe6 Bxd4 18. Nb5 Qc5 19. Nxd4 Qxd4 20. Bd2 Nc5 21.
Re3 Qxb2 22. Bc4+ Kh7 23. Bc3 Qc2 24. Re7 Rg8 25. Bxg8+ Rxg8 26. Qg3 1-0

[Event "Open Est 2016-2017"]
[Site "Aubagne"]
[Date "2016.11.05"]
[Round "3.6"]
[White "Corrias, Robert"]
[Black "Benezra, David"]
[Result "0-1"]
[WhiteElo "1566"]
[BlackElo "1389"]
[PlyCount "82"]
[EventDate "2016.??.??"]
[WhiteTeam "Club d'Echecs Pennois (CEP)"]
[BlackTeam "L'Echiquier du Roy René"]

1. e4 c5 2. Nc3 e6 3. Nf3 a6 4. d3 b5 5. a3 Bb7 6. Be3 Qc7 7. Be2 d6 8. O-O Nf6
9. h3 Nc6 10. Qd2 Be7 11. Rfe1 O-O 12. Rad1 Rfd8 13. Kh1 Rac8 14. g4 d5 15.
exd5 exd5 16. Bf4 Bd6 17. Bxd6 Qxd6 18. Bf1 d4 19. Ne2 Ne5 20. Neg1 Nxf3 21.
Nxf3 Bxf3+ 22. Bg2 Bxd1 23. Qxd1 Re8 24. Rg1 Nd5 25. Be4 Nf6 26. Bg2 Re7 27. g5
Nd5 28. Be4 Nf4 29. Qg4 Ne6 30. Rg3 Qf4 31. Qe2 g6 32. Rg4 Qc1+ 33. Kh2 Rce8
34. Qf3 Nxg5 35. Qf6 Nxe4 36. dxe4 Rxe4 37. Qc6 Qxc2 38. Kg3 Rxg4+ 39. hxg4 Qe4
40. Qxa6 d3 41. Qxb5 d2 0-1

[Event "Open Est 2016-2017"]
[Site "Aubagne"]
[Date "2016.11.05"]
[Round "3.7"]
[White "Gamblin, Vincent"]
[Black "Cavanihac, Claude"]
[Result "0-1"]
[WhiteElo "1423"]
[BlackElo "1504"]
[PlyCount "96"]
[EventDate "2016.??.??"]
[WhiteTeam "Marseille Echecs"]
[BlackTeam "Cercle d'Echecs Aubagnais"]

1. e4 e5 2. Nf3 Nc6 3. Bb5 a6 4. Ba4 b5 5. Bb3 Be7 6. c3 Nf6 7. d3 d6 8. O-O
Na5 9. Bc2 c5 10. d4 cxd4 11. cxd4 exd4 12. Nxd4 Qc7 13. Bf4 Nc4 14. b3 Ne5 15.
Nf5 Bxf5 16. exf5 Rc8 17. Bxe5 dxe5 18. Nd2 Qxc2 19. Nf3 Qxd1 20. Raxd1 e4 21.
Nd4 O-O 22. h3 Rfd8 23. g4 h6 24. Kg2 Bc5 25. Ne2 Bd6 26. Rc1 Be5 27. f4 exf3+
28. Kxf3 Rxc1 29. Rxc1 Rd2 30. Rc8+ Kh7 31. Rf8 Rxa2 32. Rxf7 Ra3 33. Re7 Rxb3+
34. Kg2 Bb2 35. Nf4 Ng8 36. Ra7 Be5 37. Nh5 Ra3 38. h4 b4 39. g5 hxg5 40. hxg5
b3 41. f6 Nxf6 42. Rxg7+ Kh8 43. gxf6 Bxf6 44. Rb7 Bc3 45. Nf4 b2 46. Ng6+ Kg8
47. Ne7+ Kf8 48. Nd5 Be5 0-1

[Event "Open Est 2016-2017"]
[Site "Aubagne"]
[Date "2016.11.05"]
[Round "3.8"]
[White "Andonian, Pierre"]
[Black "Lapusan, Razvan"]
[Result "0-1"]
[WhiteElo "1502"]
[BlackElo "1494"]
[PlyCount "94"]
[EventDate "2016.??.??"]
[WhiteTeam "Echiquier Marseillais 1872"]
[BlackTeam "Cercle d'Echecs Aubagnais"]

1. Nf3 Nf6 2. d4 d5 3. e3 Nbd7 4. c4 c5 5. Nc3 e6 6. cxd5 exd5 7. Bb5 Bd6 8. h3
O-O 9. O-O Rb8 10. dxc5 Nxc5 11. Nd4 a6 12. Be2 Ne6 13. Bf3 Nxd4 14. exd4 Bc7
15. Bg5 Qd6 16. g3 Bxh3 17. Bf4 Qd7 18. Bxc7 Qxc7 19. Bg2 Bxg2 20. Kxg2 Qd7 21.
Rh1 Rfd8 22. Qd3 Qg4 23. Rh4 Qg6 24. Qd2 b5 25. Ne2 Rb6 26. f3 Rc6 27. Rc1 Rxc1
28. Nxc1 Rc8 29. Nd3 h6 30. b3 a5 31. g4 b4 32. Kg3 Rc3 33. Ne5 Ne4+ 34. Kg2
Nxd2 35. Nxg6 fxg6 36. Rh3 Rd3 37. Kf2 Nb1 38. Rh1 Nc3 39. Ra1 Rxd4 40. Ke3 Rd1
41. Rxd1 Nxd1+ 42. Kd2 Nc3 43. a4 Kf7 44. Kd3 Kf6 45. Ke3 Kg5 46. Kf2 Kf4 47.
Kg2 d4 0-1

[Event "Open Est 2016-2017"]
[Site "Aubagne"]
[Date "2016.11.05"]
[Round "3.9"]
[White "Denis, Vincent"]
[Black "Guidini, Rene"]
[Result "1-0"]
[WhiteElo "1843"]
[BlackElo "1600"]
[PlyCount "55"]
[EventDate "2016.??.??"]
[WhiteTeam "Marseille Passion Echecs"]
[BlackTeam "Cercle d'Echecs Aubagnais"]

1. d4 Nf6 2. Bf4 g6 3. e3 d5 4. h3 Bg7 5. Nf3 O-O 6. Nbd2 h5 7. Bd3 Nc6 8. c3
a6 9. O-O Re8 10. Qc2 Nh7 11. Rad1 e5 12. dxe5 Nxe5 13. Nxe5 Bxe5 14. Bxe5 Rxe5
15. Nf3 Re8 16. e4 Ng5 17. Nh2 Nxe4 18. Bxe4 Rxe4 19. Qxe4 Bf5 20. Qxd5 Qf8 21.
Nf3 c6 22. Qd6 Qc8 23. Rfe1 b5 24. Re7 Qf8 25. Ng5 Be6 26. Nxe6 fxe6 27. Qxe6+
Kh8 28. Rdd7 1-0

[Event "Open Est 2016-2017"]
[Site "Aubagne"]
[Date "2016.11.05"]
[Round "3.10"]
[White "Favarel-Lubeigt, Helina"]
[Black "Cureau, Dominique"]
[Result "1-0"]
[WhiteElo "1558"]
[BlackElo "1415"]
[PlyCount "68"]
[EventDate "2016.??.??"]
[WhiteTeam "L'Echiquier du Roy René"]
[BlackTeam "Echiquier Marseillais 1872"]

1. d4 Nf6 2. c4 c5 3. d5 b5 4. Qc2 d6 5. e4 e6 6. Bg5 Be7 7. Bd3 h6 8. Bh4 Ng4
9. Bxe7 Qxe7 10. Nf3 exd5 11. cxd5 c4 12. O-O O-O 13. Be2 Ne5 14. Nd4 Bd7 15.
Nc3 a6 16. Rfe1 Qg5 17. Nd1 f5 18. Ne3 fxe4 19. Qxe4 g6 20. Nf3 Nxf3+ 21. Bxf3
Re8 22. Qd4 Qd8 23. Ng4 Bxg4 24. Bxg4 Nd7 25. Be6+ Kh7 26. Re3 Ne5 27. Rae1 Qf6
28. Qc3 Rxe6 29. dxe6 Qxe6 30. f4 Nf3+ 31. Rxf3 Qf7 32. Rfe3 Ra7 33. Qd4 d5 34.
Qxa7 Qxa7 1-0

[Event "Open Est 2016-2017"]
[Site "Aubagne"]
[Date "2016.11.05"]
[Round "3.11"]
[White "Labriaud, Gilles"]
[Black "Borrini, Rodrigue"]
[Result "0-1"]
[WhiteElo "1399"]
[BlackElo "1222"]
[PlyCount "85"]
[EventDate "2016.??.??"]
[WhiteTeam "La Ciotat Echecs (LCE)"]
[BlackTeam "L'Echiquier du Roy René"]

1. c4 e6 2. Nc3 Nf6 3. d3 d5 4. cxd5 exd5 5. Nf3 c6 6. g3 g6 7. Bg2 Bg7 8. O-O
O-O 9. Bd2 Re8 10. Rc1 Nbd7 11. b4 Ng4 12. a4 Nde5 13. b5 Nxf3+ 14. Bxf3 Ne5
15. Bg2 Bg4 16. f3 Be6 17. bxc6 bxc6 18. f4 Ng4 19. e4 Qb6+ 20. Kh1 Nf2+ 21.
Rxf2 Qxf2 22. Qf3 Qxd2 23. Ne2 h5 24. h4 Bg4 25. Qf2 Qxe2 26. Qf1 Qxf1+ 27.
Rxf1 dxe4 28. dxe4 Rad8 29. e5 Rd1 30. Bxc6 Rc8 31. Rxd1 Bxd1 32. Bd5 Rc1 33.
Kh2 Rc3 34. e6 fxe6 35. Bxe6+ Kh7 36. a5 Ra3 37. f5 Rxa5 38. fxg6+ Kxg6 39. Kh3
Bg4+ 40. Bxg4 hxg4+ 41. Kxg4 Rb5 42. Kh3 a5 43. g4 0-1

[Event "Open Est 2016-2017"]
[Site "Aubagne"]
[Date "2016.11.05"]
[Round "3.12"]
[White "Vicari-Vento, Salvatore"]
[Black "Denis, Alexandra"]
[Result "0-1"]
[WhiteElo "1470"]
[BlackElo "1341"]
[PlyCount "112"]
[EventDate "2016.??.??"]
[WhiteTeam "Cercle d'Echecs Aubagnais"]
[BlackTeam "Marseille Passion Echecs"]

1. e4 c5 2. Nf3 e6 3. d4 cxd4 4. Nxd4 Qb6 5. Be2 Bc5 6. c3 e5 7. b4 Bxd4 8.
cxd4 Qxb4+ 9. Qd2 Qxd2+ 10. Nxd2 exd4 11. Bb2 Nc6 12. Nf3 Nf6 13. Bd3 Nb4 14.
Bb1 d5 15. a3 dxe4 16. Nxd4 Nd3+ 17. Bxd3 exd3 18. Kd2 Ne4+ 19. Ke3 f5 20. f3
Nc5 21. Rac1 b6 22. Rhe1 O-O 23. Kd2 Bb7 24. g3 g6 25. Rf1 Rfe8 26. Rce1 Kf8
27. Bc3 Rxe1 28. Rxe1 Re8 29. Rxe8+ Kxe8 30. f4 a5 31. Nb5 Kd7 32. Bd4 Ba6 33.
Bxc5 bxc5 34. Nc3 Kd6 35. Ke3 h6 36. h3 Ke6 37. g4 fxg4 38. hxg4 h5 39. Ne4
hxg4 40. Nxc5+ Kd5 41. Nxa6 g3 42. Nc7+ Kc4 43. Ne6 g2 44. Kf2 d2 45. Ng5 g1=Q+
46. Kxg1 d1=Q+ 47. Kf2 Qd2+ 48. Kf3 Qd3+ 49. Kg4 Qxa3 50. Ne4 Qa2 51. Kg3 Kd3
52. Nc5+ Kc3 53. Ne4+ Kb2 54. Kh4 a4 55. Kg5 Qd5+ 56. Kxg6 Qxe4+ 0-1

[Event "Open Est 2016-2017"]
[Site "Aubagne"]
[Date "2016.11.05"]
[Round "3.13"]
[White "Bui, Christopher"]
[Black "Cescon, Moreno"]
[Result "0-1"]
[WhiteElo "1315"]
[BlackElo "1785"]
[PlyCount "94"]
[EventDate "2016.??.??"]
[WhiteTeam "Cercle d'Echecs Aubagnais"]
[BlackTeam "Club d'Echecs Pennois (CEP)"]

1. e4 d6 2. d4 c5 3. dxc5 Qa5+ 4. Bd2 Qxc5 5. Bd3 Nf6 6. Ne2 Ng4 7. O-O Qh5 8.
Bf4 g6 9. c3 Bg7 10. Nd2 Ne5 11. Bc2 Bg4 12. f3 Bd7 13. Nb3 Nc4 14. Rb1 Be5 15.
Bxe5 Qxe5 16. f4 Qg7 17. Rf2 Ne3 18. Qd2 Nxc2 19. Qxc2 Nc6 20. Rbf1 O-O 21. f5
Rac8 22. f6 exf6 23. Rxf6 Be6 24. Nbd4 Bc4 25. Rxd6 Nxd4 26. Rxd4 Qh6 27. Rf3
Rfd8 28. Rxd8+ Rxd8 29. Nd4 Qh5 30. g3 Qg4 31. Rf4 Qc8 32. b3 Ba6 33. Qd2 Qc5
34. Qe3 Rc8 35. c4 b5 36. cxb5 Bxb5 37. e5 Bd7 38. Kg2 Qa3 39. Rf2 Qc5 40. Qf4
Qd5+ 41. Nf3 Rc3 42. Qd4 Qc6 43. Qxa7 Bg4 44. e6 Bxf3+ 45. Rxf3 Qxf3+ 46. Kh3
Qh5+ 47. Kg2 Rc2+ 0-1

[Event "Open Est 2016-2017"]
[Site "Aubagne"]
[Date "2016.11.05"]
[Round "3.14"]
[White "Piquemal, Maxence"]
[Black "Bertrand, Frederic"]
[Result "1/2-1/2"]
[WhiteElo "1313"]
[BlackElo "1650"]
[PlyCount "93"]
[EventDate "2016.??.??"]
[WhiteTeam "Marseille Echecs"]
[BlackTeam "Cercle d'Echecs Aubagnais"]

1. e4 c5 2. Nf3 h6 3. Bc4 e6 4. a3 d6 5. c3 Nc6 6. d4 cxd4 7. cxd4 Nf6 8. Nc3
Qc7 9. Bb3 a6 10. a4 Be7 11. O-O O-O 12. Re1 b6 13. d5 exd5 14. Nxd5 Nxd5 15.
Bxd5 Rb8 16. Qc2 Bb7 17. Nd4 Rfc8 18. Nf5 Bf8 19. Qb3 Na5 20. Qg3 Kh8 21. b3
Bxd5 22. exd5 Qc2 23. Nd4 Qc3 24. Qxc3 Rxc3 25. Re3 Rbc8 26. Bd2 Rxe3 27. Bxe3
g6 28. b4 Nb7 29. Nc6 Bg7 30. Rb1 b5 31. Na7 Rc4 32. axb5 axb5 33. Nxb5 g5 34.
h3 f5 35. Bd2 Rc2 36. Rd1 f4 37. g3 Be5 38. Kg2 fxg3 39. fxg3 Rb2 40. Kf3 Rb3+
41. Ke2 Rxg3 42. Rh1 Kg7 43. h4 g4 44. Be1 Rb3 45. Kf1 Rb1 46. Kg2 Rxb4 47. Kf1
1/2-1/2

[Event "Open Est 2016-2017"]
[Site "Aubagne"]
[Date "2016.11.05"]
[Round "3.15"]
[White "Moerenhout, Jean Claude"]
[Black "Ghazarian, David"]
[Result "0-1"]
[WhiteElo "1277"]
[BlackElo "1546"]
[PlyCount "50"]
[EventDate "2016.??.??"]
[WhiteTeam "Cercle d'Echecs Aubagnais"]
[BlackTeam "Cercle d'Echecs Aubagnais"]

1. d4 Nf6 2. Nf3 g6 3. e3 Bg7 4. b3 c5 5. Bb2 cxd4 6. exd4 d5 7. Be2 O-O 8. Nc3
Nc6 9. Qd2 Bf5 10. a3 Rc8 11. h4 Re8 12. Ng5 e5 13. Na4 Nxd4 14. Bxd4 exd4 15.
h5 Rxc2 16. Qd1 Qa5+ 17. Kf1 Rd2 18. b4 Rxd1+ 19. Bxd1 Bd3+ 20. Kg1 Re1+ 21.
Kh2 Ng4+ 22. Kg3 Qc7+ 23. Kxg4 f5+ 24. Kf3 Be4+ 25. Nxe4 dxe4# 0-1

[Event "Open Est 2016-2017"]
[Site "Aubagne"]
[Date "2016.11.05"]
[Round "3.16"]
[White "Periale, Albert"]
[Black "Cocordano, Claire"]
[Result "0-1"]
[WhiteElo "1274"]
[BlackElo "1411"]
[PlyCount "126"]
[EventDate "2016.??.??"]
[WhiteTeam "Cercle d'Echecs Aubagnais"]
[BlackTeam "Cercle d'Echecs Aubagnais"]

1. d4 d6 2. c4 g6 3. Nc3 Bg7 4. e4 Nf6 5. Nf3 b6 6. Be2 c5 7. d5 O-O 8. O-O a6
9. a4 Ng4 10. h3 Ne5 11. Bf4 Nxf3+ 12. Bxf3 Nd7 13. Qd2 Nf6 14. Bh6 Bd7 15.
Bxg7 Kxg7 16. Rfe1 Rb8 17. Qe2 Qe8 18. b3 b5 19. axb5 axb5 20. cxb5 Bxb5 21.
Nxb5 Qxb5 22. Rab1 Qxe2 23. Rxe2 Rb4 24. Re3 Rfb8 25. g3 c4 26. Bd1 cxb3 27.
Rbxb3 Rxb3 28. Bxb3 Nd7 29. Ba4 Nc5 30. Bc6 Rb3 31. Rxb3 Nxb3 32. f3 Kf6 33.
Kf2 e6 34. f4 exd5 35. Bxd5 Nc5 36. Kf3 Ke7 37. g4 f6 38. h4 Nd7 39. Kg3 h6 40.
h5 g5 41. Kf3 Nb6 42. Ba2 Nd7 43. Bd5 Nc5 44. f5 Nd3 45. Kg3 Kd7 46. Kf3 Kc7
47. Ke3 Ne5 48. Bb3 Nxg4+ 49. Kd4 Kd7 50. Bd1 Ne5 51. Ke3 Kc6 52. Be2 Kc5 53.
Bd1 d5 54. exd5 Kxd5 55. Be2 Nd7 56. Bg4 Ke5 57. Kf3 Nb8 58. Bh3 Nc6 59. Ke3
Nd4 60. Bg4 Nxf5+ 61. Bxf5 Kxf5 62. Kf3 g4+ 63. Kg3 Kg5 0-1

[Event "Open Est 2016-2017"]
[Site "Aubagne"]
[Date "2016.11.05"]
[Round "3.17"]
[White "Desjardins, Rene"]
[Black "Frontera, Pierre"]
[Result "1-0"]
[WhiteElo "1399"]
[BlackElo "1314"]
[PlyCount "75"]
[EventDate "2016.??.??"]
[WhiteTeam "Club d'Echecs Pennois (CEP)"]
[BlackTeam "Cercle d'Echecs Aubagnais"]

1. c4 c5 2. Nc3 Nf6 3. e4 Nc6 4. d3 h6 5. Nf3 d6 6. Be2 e5 7. a3 Be7 8. h3 O-O
9. Be3 Bd7 10. Qd2 a6 11. Nh2 Kh7 12. Ng4 Ng8 13. Nd5 Bg5 14. Bxg5 hxg5 15.
Nge3 Nd4 16. Qc3 Rb8 17. Bg4 f5 18. exf5 Nxf5 19. Bxf5+ Bxf5 20. g3 Bd7 21. Qc2
g6 22. h4 g4 23. h5 g5 24. d4+ Kh8 25. dxe5 Rf7 26. exd6 Qf8 27. O-O-O Bf5 28.
Qc3+ Kh7 29. Nxf5 Rxf5 30. Qd3 Kh6 31. Ne7 Rf6 32. Nxg8+ Qxg8 33. d7 Rd8 34.
Qc3 Qf7 35. Rd5 b6 36. Qe3 Qg7 37. Rhd1 Qg8 38. Qe5 1-0

[Event "Open Est 2016-2017"]
[Site "Aubagne"]
[Date "2016.11.05"]
[Round "3.18"]
[White "Fortoul, Alain"]
[Black "Autouard, Jean-Luc"]
[Result "1-0"]
[WhiteElo "1399"]
[BlackElo "1276"]
[PlyCount "103"]
[EventDate "2016.??.??"]
[WhiteTeam "Club d'Echecs Pennois (CEP)"]
[BlackTeam "Cercle d'Echecs Aubagnais"]

1. c4 e6 2. Nc3 Nf6 3. d3 d6 4. g3 c5 5. Bg2 Nc6 6. Nf3 Be7 7. O-O O-O 8. Bd2
Ng4 9. h3 Nge5 10. Nxe5 dxe5 11. a3 f5 12. f4 Bd6 13. Be3 Qf6 14. Qd2 a5 15.
Nb5 Qe7 16. Nxd6 Qxd6 17. fxe5 Nxe5 18. Bf4 Ra6 19. Qc3 Qd4+ 20. Qxd4 cxd4 21.
Bxe5 Rd8 22. Rf4 Rb6 23. Rb1 Rb3 24. Bxd4 Re8 25. Bc3 e5 26. Rf2 a4 27. c5 Rb5
28. c6 e4 29. Rd1 Rd5 30. d4 bxc6 31. e3 Ba6 32. h4 h5 33. Rf4 Be2 34. Rd2 Bg4
35. Bf1 Rd6 36. Bb4 Rg6 37. Bc4+ Ree6 38. Bxe6+ Rxe6 39. Rc2 Rg6 40. Rc5 Bf3
41. Kf2 Bg4 42. Ra5 Re6 43. Rxa4 Re8 44. Bc5 g6 45. Ke1 Kf7 46. Ra6 Rc8 47. b4
Ke6 48. b5 Kd5 49. b6 Rb8 50. Ra7 Rg8 51. b7 Rb8 52. a4 1-0

[Event "Open Est 2016-2017"]
[Site "Aubagne"]
[Date "2016.11.05"]
[Round "3.19"]
[White "Rando, Mathias"]
[Black "Georgesoglou, Bruno"]
[Result "1-0"]
[WhiteElo "1170"]
[BlackElo "1399"]
[PlyCount "41"]
[EventDate "2016.??.??"]
[WhiteTeam "Club Provence Echecs"]
[BlackTeam "Hay Chess"]

1. e4 c6 2. Bc4 d5 3. Bb3 e5 4. Qf3 Nf6 5. d3 h6 6. Nc3 Bg4 7. Qg3 Bd6 8. exd5
e4 9. Qh4 Nxd5 10. Nxd5 Qa5+ 11. Bd2 Qxd2+ 12. Kxd2 g5 13. Nf6+ Ke7 14. Qxg4
Kxf6 15. dxe4 Rd8 16. Qf5+ Kg7 17. Qxf7+ Kh8 18. Qf6+ Kh7 19. Qxd8 Bf4+ 20. Ke1
a5 21. Qg8# 1-0

[Event "Open Est 2016-2017"]
[Site "Aubagne"]
[Date "2016.11.05"]
[Round "3.20"]
[White "Lang, Alexandre"]
[Black "Morata, Serge"]
[Result "0-1"]
[WhiteElo "1399"]
[BlackElo "1240"]
[PlyCount "62"]
[EventDate "2016.??.??"]
[WhiteTeam "Cercle d'Echecs Aubagnais"]
[BlackTeam "Cercle d'Echecs Aubagnais"]

1. Nf3 d5 2. g3 g6 3. d4 Bg7 4. Bg2 Nf6 5. Nbd2 O-O 6. c4 c5 7. e3 Bg4 8. cxd5
cxd4 9. e4 Qa5 10. O-O Nbd7 11. h3 Bxf3 12. Nxf3 Nxe4 13. Qxd4 Bxd4 14. Be3
Qxd5 15. Nxd4 Qe5 16. Rac1 Rac8 17. Nf3 Qxb2 18. Rxc8 Rxc8 19. Bxa7 Qxa2 20.
Bd4 f6 21. Be3 b5 22. Nd4 Qd5 23. Rb1 Rb8 24. Bf4 Rb7 25. Be3 Ne5 26. Kf1 Nd3
27. Ke2 Qa2+ 28. Kxd3 Qxb1+ 29. Nc2 f5 30. f3 Rd7+ 31. Bd4 Qb3+ 0-1

[Event "Open Est 2016-2017"]
[Site "Aubagne"]
[Date "2016.11.05"]
[Round "3.21"]
[White "Naam, Mourad"]
[Black "Cescon, Angelo"]
[Result "0-1"]
[WhiteElo "1399"]
[BlackElo "1230"]
[PlyCount "28"]
[EventDate "2016.??.??"]
[WhiteTeam "Cassis Echecs"]
[BlackTeam "Club d'Echecs Pennois (CEP)"]

1. e4 d6 2. d4 g6 3. Nc3 Bg7 4. Nf3 Nd7 5. Bf4 Ngf6 6. Bc4 O-O 7. O-O b6 8. Qd3
c5 9. e5 dxe5 10. Nxe5 Nxe5 11. Bxe5 Ng4 12. Bxg7 Kxg7 13. Bd5 Qd6 14. Bxa8
Qxh2# 0-1

[Event "Open Est 2016-2017"]
[Site "Aubagne"]
[Date "2016.11.05"]
[Round "3.22"]
[White "Reynaud, Jacques"]
[Black "Turpin, Isabelle"]
[Result "1/2-1/2"]
[WhiteElo "1395"]
[BlackElo "1195"]
[PlyCount "51"]
[EventDate "2016.??.??"]
[WhiteTeam "Cercle d'Echecs Aubagnais"]
[BlackTeam "Cercle d'Echecs Aubagnais"]

1. d4 Nf6 2. Bf4 d6 3. e3 Bd7 4. Nf3 h6 5. Bd3 c5 6. O-O Nc6 7. c3 e5 8. dxe5
Ng4 9. exd6 Qf6 10. Bb5 g5 11. h3 gxf4 12. hxg4 Bxd6 13. e4 Bxg4 14. Bxc6+ bxc6
15. Qa4 O-O 16. Nbd2 Bxf3 17. Nxf3 Qg6 18. Qxc6 Kh8 19. e5 Rg8 20. Nh4 Qg5 21.
exd6 Qxh4 22. Rad1 Rxg2+ 23. Qxg2 f3 24. Qxf3 Rg8+ 25. Qg2 Rxg2+ 26. Kxg2
1/2-1/2